01037cam a2200193 i 4500020002200000082002200022245011700044260015100161300002700312505017500339526003700514650001300551650004900564650005900613710004500672942001200717999001900729952009500748 a0309025745 (v. 1)00a625.8a625.8bNAT10aSkidding accidents :bproceedings of a conference conducted by the Transportation Research Board, May 2-6, 1977. aWashington :bTransportation Research Board, Commission on Sociotechnical Systems, National Research Council, National Academy of Sciences,c1976. a4 v. :bill. ;c24 cm.0 a[1] Tires, vehicles, and vehicle components.--[2] Pavement characteristics.--[3] Wet-weather accident experience, human factors, and legal aspects.--[4] Ancillary papers. a0b0c0d625_800000000000000_NAT 0aMCE9379 0aMotor vehiclesxSkiddingxCongresses.921180 0aPavementsxDesign and constructionxCongresses.9383262 aNational Research Council (U.S.).920017 2ddccBK c547603d547603 00102ddc4070aMCEbMCEd2014-07-23l0o625.8 NATpMCE-42164r2014-07-23w2014-07-23yBK